Statistiques concernant Top 50 des pays selon l'ICDE

Cliquez ici pour prendre le quiz!

Statistiques générales

  • Ce quiz a été pris 130 fois
  • Le résultat moyen est 38 sur 50

Statistiques - réponses

Note ICDEPays% Correct
8,95France
100%
8,75Espagne
97%
9,25Finlande
97%
9,15Norvège
97%
9,31Suède
97%
8,95Canada
95%
9,23Suisse
95%
9,05Japon
93%
9,03Royaume-Uni
93%
8,80Australie
92%
8,99Belgique
92%
8,71Italie
92%
8,86Portugal
92%
9,18Autriche
91%
9,33Monaco
91%
9,35Nouvelle-Zélande
91%
9,12Allemagne
90%
9,01Irlande
90%
8,61Luxembourg
90%
9,30Pays-Bas
90%
8,79Pologne
90%
9,11Islande
89%
8,78Slovaquie
89%
8,92Danemark
88%
9,36Andorre
87%
8,64République tchèque
87%
9,03Slovénie
87%
8,76Corée du Sud
86%
8,67Croatie
85%
8,66Hongrie
84%
8,55Lettonie
84%
8,56Estonie
83%
8,94Lituanie
83%
9,42Saint-Marin
80%
8,57Bulgarie
76%
8,87Malte
76%
9,42Liechtenstein
71%
8,91Chypre
66%
8,91Chili
60%
8,55Uruguay
48%
8,97Barbade
45%
8,86Bahamas
44%
8,69Sainte-Lucie
42%
8,67Grenade
39%
8,85Saint-Christophe-et-Niévès
39%
8,82Saint-Vincent-et-les-Grenadines
39%
8,97Costa Rica
38%
8,68Maurice
35%
8,66Antigua-et-Barbuda
34%
8,74Palaos
29%

Distribution des résultats

Percentile par nombre de réponses

% des personnes avec chaque résultat

Votre développement - résultats

Vous n’avez pas pris ce quiz